000 00300nam a2200121 a 4500
001 000002420
005 20200929150208.0
008 090702s1997 000 spa d
020 _a848938407X
245 0 _aLecturas, libros y bibliotecas para niƱos.
260 _aMadrid,
_c1997.
999 _c2256
_d2256
040 _aDO-SdBNP